000 00416nam a2200181Ia 4500
001 25091
005 20260414151127.0
008 260414t1984||||xx |||||||||||||| ||spa||
041 _aESP
082 _a346.2
_bD71
100 _aDíez Picazo, Luis
_eAUT
245 0 _aFamilia y derecho
_b
260 _c1984
300 _a262 páginas :
_c20 cm.
650 _aDER
654 _aCDE
942 _cLIB
_dJUS
_fJUS
_2ddc
_n
999 _c25091
_d25091